[Event "ODEM U25A 2012"]
[Site "Oberhof GER"]
[Date "2012.05.27"]
[Round "1"]
[White "Peters, Tom"]
[Black "Kitze, Lukas"]
[Result "1-0"]
[Termination "normal"]
[Board "25"]
[WhiteElo "1786"]
[BlackElo "1513"]
[PlyCount "101"]
[WhiteFideId "24694444"]
[BlackFideId "12932159"]
[EventCountry "GER"]
[EventRounds "9"]
[EventType "swiss"]
[EventDate "2012.05.26"]

1. e4 c5 2. Nf3 d6 3. d4 cxd4 4. Nxd4 Nf6 5. Nc3 g6 6. Be3 Bg7 7. f3 O-O 8. Qd2
Nc6 9. Bc4 a5 10. h4 Ne5 11. Bb3 a4 12. Nxa4 Rxa4 13. Bxa4 Nc4 14. Qc3 Nxe3 15.
Qxe3 Qa5+ 16. c3 Qxa4 17. O-O Bd7 18. b3 Qa7 19. Rfd1 Rc8 20. c4 Ne8 21. Rd2
Nc7 22. Rad1 Ne6 23. Nf5 Qxe3+ 24. Nxe3 Bh6 25. Kf2 b5 26. Rc2 Bxe3+ 27. Kxe3
bxc4 28. Rxc4 Rxc4 29. bxc4 Nc5 30. e5 Ba4 31. Rd5 Bc6 32. Rd2 Nb7 33. f4 dxe5
34. fxe5 Kf8 35. g4 h6 36. Rb2 Ke8 37. a4 Na5 38. Kd4 Kd7 39. Kc5 Kc7 40. Kb4
Kb6 41. g5 hxg5 42. hxg5 Bd7 43. c5+ Ka6 44. Re2 Be6 45. Kc3 Kb7 46. Rb2+ Ka6
47. Rb6+ Ka7 48. Kb4 Nc4 49. Rxe6 fxe6 50. Kxc4 Kb7 51. Kb5 1-0

[Event "ODEM U25A 2012"]
[Site "Oberhof GER"]
[Date "2012.05.27"]
[Round "1"]
[White "Martin, Raphael"]
[Black "Torzinski, Nils"]
[Result "1-0"]
[Termination "normal"]
[Board "26"]
[WhiteElo "1511"]
[BlackElo "1778"]
[PlyCount "97"]
[WhiteFideId "12952036"]
[BlackFideId "24695840"]
[EventCountry "GER"]
[EventRounds "9"]
[EventType "swiss"]
[EventDate "2012.05.26"]

1. e4 e5 2. Nf3 Nc6 3. d4 exd4 4. Bc4 Nf6 5. e5 d5 6. Bb5 Ne4 7. Nxd4 Bd7 8.
O-O Nxe5 9. f3 Bxb5 10. Nxb5 Bc5+ 11. Nd4 Nc6 12. c3 Nf6 13. Re1+ Ne7 14. Be3
O-O 15. Nd2 c6 16. N2b3 Bd6 17. Nd2 Qc7 18. Nf1 Nd7 19. Qc2 Ne5 20. b3 Qd7 21.
Ng3 f5 22. Bg5 N5g6 23. Qf2 f4 24. Nf1 c5 25. Nc2 Nf5 26. Rad1 h6 27. Bxh6 Nxh6
28. Rxd5 Nf5 29. Kh1 Qc7 30. Qe2 Rae8 31. Qc4 Kh7 32. Rxe8 Rxe8 33. Rxf5 Ne5
34. Qe4 Kg8 35. Qd5+ Kh7 36. Rxf4 Ng6 37. Rf7 Ne7 38. Qh5+ Kg8 39. Rxg7+ Kxg7
40. Qxe8 Be5 41. c4 Qd6 42. Nce3 Kh7 43. Qh5+ Kg8 44. Qg5+ Kh7 45. Nf5 Nxf5 46.
Qxf5+ Kh6 47. h4 Qd4 48. Qe4 Qc3 49. Qe3+ 1-0

[Event "ODEM U25A 2012"]
[Site "Oberhof GER"]
[Date "2012.05.27"]
[Round "1"]
[White "Gubela, Hans-Erich Constantin"]
[Black "Naundorf, Johannes"]
[Result "1-0"]
[Termination "normal"]
[Board "27"]
[WhiteElo "1740"]
[BlackElo "1494"]
[PlyCount "167"]
[WhiteFideId "24692140"]
[BlackFideId "12950009"]
[EventCountry "GER"]
[EventRounds "9"]
[EventType "swiss"]
[EventDate "2012.05.26"]

1. e4 Nf6 2. Nc3 d5 3. exd5 Nxd5 4. Bc4 Nb6 5. Bb3 Nc6 6. Nf3 Bg4 7. Bxf7+ Kxf7
8. Ng5+ Ke8 9. Qxg4 Qd7 10. Ne6 g6 11. O-O Nd8 12. Qd4 Qxd4 13. Nxd4 Bg7 14.
Ndb5 Kd7 15. d3 c6 16. Na3 Nd5 17. Nxd5 cxd5 18. c3 Ne6 19. Nc2 Nc5 20. Nb4 e6
21. Be3 b6 22. d4 Ne4 23. f3 Nd6 24. Bf4 Nf7 25. Nd3 Rae8 26. Rad1 Rhf8 27.
Rfe1 Nd6 28. Be5 Bh6 29. a4 Nc4 30. b3 Na5 31. Rb1 Rc8 32. b4 Nc4 33. Rb3 Nd2
34. Ra3 Nc4 35. Ra2 Bd2 36. Rd1 Bxc3 37. a5 Nxe5 38. Nxe5+ Kd6 39. axb6 Bxd4+
40. Rxd4 Kxe5 41. Rh4 axb6 42. Re2+ Kf6 43. Rxh7 Rc4 44. Rb2 Rd8 45. Kf2 Rdc8
46. Rb7 R8c6 47. b5 Rd6 48. Ra7 Rh4 49. Rc7 Rxh2 50. Rc6 Rxc6 51. bxc6 Rh7 52.
Rxb6 Rc7 53. Kg3 Ke5 54. Kg4 Kd6 55. Kg5 Rxc6 56. Rb2 Rc8 57. Kxg6 Rg8+ 58. Kf6
Rg3 59. Re2 e5 60. Kf5 Rg8 61. Ra2 Rf8+ 62. Kg6 Rg8+ 63. Kf6 e4 64. fxe4 dxe4
65. Kf5 Kd5 66. Rd2+ Kc4 67. Kxe4 Re8+ 68. Kf3 Rf8+ 69. Kg3 Rg8+ 70. Kf2 Rf8+
71. Ke2 Re8+ 72. Kf1 Rg8 73. Rf2 Kd5 74. Rf3 Ke4 75. Kf2 Ra8 76. Rf7 Ra2+ 77.
Kg3 Ke5 78. Kh3 Ra6 79. g4 Rh6+ 80. Kg3 Ke6 81. Rf5 Rh7 82. Ra5 Kf6 83. Kf4 Rf7
84. Rf5+ 1-0

[Event "ODEM U25A 2012"]
[Site "Oberhof GER"]
[Date "2012.05.27"]
[Round "1"]
[White "Usczeck, Lukas"]
[Black "Blumenthal, Clemens"]
[Result "1-0"]
[Termination "normal"]
[Board "29"]
[WhiteElo "1766"]
[BlackElo "1435"]
[PlyCount "43"]
[WhiteFideId "12937827"]
[BlackFideId "12938050"]
[EventCountry "GER"]
[EventRounds "9"]
[EventType "swiss"]
[EventDate "2012.05.26"]

1. d4 d5 2. c4 e6 3. Nc3 Nf6 4. Bg5 Be7 5. e3 c6 6. Nf3 Nbd7 7. cxd5 exd5 8.
Bd3 O-O 9. Qc2 h6 10. Bh4 Re8 11. O-O Bd6 12. Rfe1 Kh8 13. a3 Nf8 14. b4 Bg4
15. Nd2 Qb8 16. Nf1 Nh5 17. Bf5 Bxf5 18. Qxf5 g6 19. Qxf7 Re6 20. Ng3 a6 21.
Nxh5 gxh5 22. Bf6+ 1-0

[Event "ODEM U25A 2012"]
[Site "Oberhof GER"]
[Date "2012.05.27"]
[Round "1"]
[White "Katz, Simon"]
[Black "Reimers, Juri"]
[Result "0-1"]
[Termination "normal"]
[Board "30"]
[WhiteElo "1433"]
[BlackElo "1729"]
[PlyCount "38"]
[WhiteFideId "12901296"]
[BlackFideId "24661511"]
[EventCountry "GER"]
[EventRounds "9"]
[EventType "swiss"]
[EventDate "2012.05.26"]

1. e4 g6 2. Nf3 Bg7 3. d4 c5 4. Be3 d6 5. c3 cxd4 6. Bxd4 Nf6 7. Qb3 O-O 8.
Nbd2 b6 9. Bc4 e6 10. O-O Bb7 11. e5 dxe5 12. Bxe5 Nc6 13. Rad1 Nxe5 14. Nxe5
Nd5 15. Ndf3 Qc7 16. Rfe1 Rad8 17. Ng4 Nf4 18. Re3 Rxd1+ 19. Qxd1 Qxc4 0-1